Webb society deep-sky observer's handbook (Record no. 7367)

MARC details
000 -LEADER
fixed length control field 00644nam a2200193Ia 4500
003 - CONTROL NUMBER IDENTIFIER
control field IN-BaIIA
008 - FIXED-LENGTH DATA ELEMENTS--GENERAL INFORMATION
fixed length control field 211028s9999 xx 000 0 eng d
020 ## - INTERNATIONAL STANDARD BOOK NUMBER
International Standard Book Number 0-89490-066-8
040 ## - CATALOGING SOURCE
Transcribing agency IIA Library
080 ## - UNIVERSAL DECIMAL CLASSIFICATION NUMBER
Universal Decimal Classification number 524.3(035)
Item number JON-5
245 #0 - TITLE STATEMENT
Title Webb society deep-sky observer's handbook
Statement of responsibility, etc. edited by Kenneth Glyn Jones
260 ## - PUBLICATION, DISTRIBUTION, ETC.
Place of publication, distribution, etc. Hillside
Name of publisher, distributor, etc. Enslow Publishers
Date of publication, distribution, etc. 1982
300 ## - PHYSICAL DESCRIPTION
Extent xiv, 241p.
650 ## - SUBJECT ADDED ENTRY--TOPICAL TERM
Topical term or geographic name entry element Astronomy and Astrophysics Thesaurus
650 ## - SUBJECT ADDED ENTRY--TOPICAL TERM
Topical term or geographic name entry element Handbooks-Extragalatic System
9 (RLIN) 12628
650 ## - SUBJECT ADDED ENTRY--TOPICAL TERM
Topical term or geographic name entry element Handbooks-Sky Observations
9 (RLIN) 12629
700 ## - ADDED ENTRY--PERSONAL NAME
Personal name Jones, Kenneth Glyn, ed.
9 (RLIN) 12455
942 ## - ADDED ENTRY ELEMENTS (KOHA)
Koha item type Books
Holdings
Withdrawn status Lost status Damaged status Not for loan Home library Current library Shelving location Date acquired Total Checkouts Full call number Barcode Date last seen Price effective from Koha item type Purchase Price
        IIA Library-Bangalore IIA Library-Bangalore General Stacks 21/06/1983   524.3(035)/ JON-5 8176 05/11/2021 21/06/1983 Books £ 8.50

Powered by Koha